EU-lidstaten - Sudden Death - Statistieken

Algemene statistieken
  • Deze quiz is 13 keer genomen
  • De gemiddelde score is 21 van 27
Answers on the Grid
Answers color-coded by a green-red scale on the quiz's grid according to % correct below.
Albanië
Andorra
België
Bosnië-Herzegovina
Bulgarije
Cyprus
Denemarken
Duitsland
Engeland
Estland
Finland
Frankrijk
Griekenland
Hongarije
Ierland
IJsland
Israël
Italië
Kosovo
Kroatie
Letland
Liechtenstein
Litouwen
Luxemburg
Malta
Marokko
Moldavië
Monaco
Montenegro
Nederland
Noord-Macedonië
Noorwegen
Oekraïne
Oostenrijk
Polen
Portugal
Roemenie
Rusland
San Marino
Scandinavië
Servië
Sicilië
Slovenië
Slowakije
Spanje
Tsjechië
Turkije
Vaticaanstad
Verenigd Koninkrijk
Vlaanderen
Wallonië
Wit-Rusland
Zweden
Zwitserland
 
Antwoordstatistieken
Antwoord % Correct
België
100%
Denemarken
100%
Estland
100%
Finland
100%
Griekenland
100%
Hongarije
100%
Ierland
100%
Bulgarije
86%
Duitsland
86%
Frankrijk
86%
Letland
86%
Litouwen
86%
Luxemburg
86%
Nederland
86%
Italië
71%
Kroatie
71%
Oostenrijk
71%
Polen
71%
Roemenie
71%
Cyprus
57%
Malta
57%
Portugal
57%
Slovenië
57%
Slowakije
57%
Spanje
57%
Tsjechië
57%
Zweden
43%
Geen overeenkomende quizzen gevonden
Scoreverdeling
Procent van Mensen met Elke Score
Percentiel versus Aantal Correcte Antwoorden
Uw Scoregeschiedenis
U heeft deze quiz nog niet genomen